000 02096nam0a2200409 4500
001 RU\NLR\bibl\950230
005 20250614201028.0
010 _a5-89665-127-9
_9300
021 _aRU
_b2006-16498
_9813
035 _a(nilc)RSL-KNO-002863145
035 _a(NLR Aleph) 000938337
090 _a203778
_c203778
100 _a20060413d2006 |||y0rusy50 ca
101 0 _arus
102 _aRU
105 _aa |||||||||
106 _ar
200 1 _aЛазеры на свободных электронах. Экономические и организационные проблемы
_fЮ.П. Воронов, П.А. Аверкин
_gИн-т экономики и орг. пром. пр-ва Сиб. отд-ния Рос. акад. наук
210 _aНовосибирск
_cИзд-во ИЭОПП
_d2006
_eНовосибирск
_gУОП Ин-та экономики и организации пром. производства СО РАН
215 _a151 с.
_cил., табл.
_d20
320 _aБиблиогр.: с. 142-146 (72 назв.)
606 1 _aЛазеры на свободных электронах
_92235456
_3RU\NLR\auth\661341601
610 0 _aРадиоэлектроника -- Квантовая электроника -- Квантовые приборы -- Лазеры
610 0 _aЭкономика -- Мировая экономика -- Радиоэлектронная и электронная промышленность -- Инновации
610 0 _aлазеры на свободных электронах
686 _aЗ86-53,0
_2rubbk
686 _aУ530.585.151.30-551.1,0
_2rubbk
686 _aЗ86-53
700 1 _4070
_7ca
_8rus
_aВоронов
_bЮ. П.
_cканд. экон. наук
_gЮрий Петрович
_9267989
_3RU\NLR\AUTH\770268045
701 1 _aАверкин
_bП. А.
_gПавел Александрович
_4070
801 0 _aRU
_bРКП
_c20060413
_grcr
801 1 _aRU
_bРГБ
_c20060413
801 2 _aRU
_bNLR
_c20060517
_grcr
942 _cBOOK
980 _aNB